Normal view
MARC view
Entry Corporate Name
001 - CONTROL NUMBER
- control field: 43369
003 - CONTROL NUMBER IDENTIFIER
- control field: ARRUPE
005 - DATE AND TIME OF LATEST TRANSACTION
- control field: 20181112120010.0
008 - FIXED-LENGTH DATA ELEMENTS
- fixed length control field: 181112|| aca||aabn | a|a d
040 ## - CATALOGING SOURCE
- Original cataloging agency: ARRUPE
- Transcribing agency: ARRUPE
110 ## - HEADING--CORPORATE NAME
- Corporate name or jurisdiction name as entry element: Jesuit Centre for Theological Reflection.
- Subordinate unit: Inculturation Task Force.
670 ## - SOURCE DATA FOUND
- Source citation: Work cat.: (ARRUPE)0: Henriot, Peter et al. 43368, Reconciliation with an inculturated spirit :, [2008]